000 00705nam a2200241Ia 4500
003 OSt
005 20220930072136.0
006 a|||||r|||| 00| 0
007 ta
008 220926b |||||||| |||| 00| 0 hin d
024 _a19027
037 _cTheses
040 _aCRL
_cCRL
_bhin
041 _2hin
_ahin
100 _aTripathi Vishal Prasad
_9529455
110 _aUniversity of Delhi. Faculty of Arts. Department of Sanskrit
245 0 _aKashmir shaiv darshan tatha vedant ke anusar maya ka swarup
260 _c1979
650 _aSANSKRIT
700 _aUniversity of Delhi. Faculty of Arts. Department of Sanskrit
942 _cDIS
_2CC
999 _c863451
_d863451